Elektromagnetické zubové spojky typu EZF.

Uložené v:
Podrobná bibliografia
Médium: Kniha
Jazyk:Slovak
Vydané: [2013].
Vydanie:1. vyd.
Témy:
On-line prístup:http://www.magnety.sk
Fyzický popis: 1 l.
Tagy: Pridať tag
Žiadne tagy, Buďte prvý kto otaguje tento záznam!

MARC

LEADER 00000nam#a22000003a#4500
001 000414713
003 SVKKK
005 20130108110401.0
008 130108s2013 xo |||| 0 slo#d
040 |a SVK  |b slo  |c SVK  |e AACR2 
041 0 # |a slo 
044 |a xo  |c SK 
080 |a 62-578.3  |2 2001 
110 2 |a SELOS s. r. o.  |c Ľudovíta Stárka 16A, 911 05 Trenčín  |4 mfr 
245 1 0 |a Elektromagnetické zubové spojky typu EZF. 
250 |a 1. vyd. 
260 # |c [2013]. 
300 |a 1 l. 
655 7 |a firemné prospekty  |2 SNKPH 
856 4 1 |u http://www.magnety.sk 
910 |a svkkk 
998 |a FL 
090 |g SCKHL  |k SK42  |a 62-578.3  |j 225949  |i 225949  |4 zastaraná  |s Vyradená